Best Violin Concertos - Statistics

General Stats
  • This quiz has been taken 420 times
  • The average score is 11 of 18
Answer Stats
Period Key Concerto % Correct
Classical A/G Mozart
96%
Baroque E Bach
92%
Romantic D Beethoven
92%
Romantic D Tchaikovsky
90%
Romantic Em Mendelssohn
83%
Romantic Dm Sibelius
83%
Baroque E/Gm/F/Fm Vivaldi
83%
Romantic D Brahms
81%
Romantic Gm Bruch
69%
Classical G Haydn
59%
Contemporary Am Shostakovich
58%
Romantic Am Dvorák
55%
Romantic D/Bm Paganini
55%
Romantic Bm Saint-Saëns
47%
Romantic Dm Wieniawski
34%
Contemporary C Kabalevsky
15%
Romantic Am Vieuxtemps
14%
Classical Bm Rieding
4%
No matching quizzes found
Score Distribution
Percent of People with Each Score
Percentile by Number Answered
Your Score History
You have not taken this quiz